Assessment of office market in Hong Kong decentralised district versus CBD: boom and gloom (Record no. 117359)
[ view plain ]
| 000 -LEADER | |
|---|---|
| fixed length control field | 01363cam a2200289 4500 |
| 001 - CONTROL NUMBER | |
| control field | ABS67819 |
| 008 - FIXED-LENGTH DATA ELEMENTS--GENERAL INFORMATION | |
| fixed length control field | 040517n2004 000 0 eng u |
| 035 ## - SYSTEM CONTROL NUMBER | |
| System control number | (Sirsi) u126213 |
| 100 ## - MAIN ENTRY--PERSONAL NAME | |
| Personal name | Hui, E. |
| 245 ## - TITLE STATEMENT | |
| Title | Assessment of office market in Hong Kong decentralised district versus CBD: boom and gloom |
| 260 ## - PUBLICATION, DISTRIBUTION, ETC. | |
| Date of publication, distribution, etc. | 2004 |
| 490 ## - SERIES STATEMENT | |
| Series statement | Property Management |
| Volume/sequential designation | 22(2) 2004, 93-107(15) |
| 520 ## - SUMMARY, ETC. | |
| Summary, etc. | Studies office decentralisation in Hong Kong's office market.Concludes that the Central Business District (CBD) is the most stable office market sector. During a market upturn the Grade A office market in Hong Kong Decentralised District (DD) has outperformed that of the CBD. However, during a market downturn, the vacancy rate in the DD tends to increase at a greater rate than that in the CBD. Concludes that periods with a sufficiently high index of decentralisation generally experienced increases in CBD rent premiums. Graphs, tables and references. [Taken from journal abstract]. |
| 590 ## - LOCAL NOTE (RLIN) | |
| Local note | ABS |
| 590 ## - LOCAL NOTE (RLIN) | |
| Local note | ABS |
| 650 ## - SUBJECT ADDED ENTRY--TOPICAL TERM | |
| Topical term or geographic name entry element | OFFICE MARKET |
| 650 ## - SUBJECT ADDED ENTRY--TOPICAL TERM | |
| Topical term or geographic name entry element | DECENTRALISATION |
| 650 ## - SUBJECT ADDED ENTRY--TOPICAL TERM | |
| Topical term or geographic name entry element | HONG KONG |
| 650 ## - SUBJECT ADDED ENTRY--TOPICAL TERM | |
| Topical term or geographic name entry element | CENTRAL BUSINESS DISTRICTS |
| 650 ## - SUBJECT ADDED ENTRY--TOPICAL TERM | |
| Topical term or geographic name entry element | RENTAL MARKET |
| 650 ## - SUBJECT ADDED ENTRY--TOPICAL TERM | |
| Topical term or geographic name entry element | VACANCY RATES |
| 650 ## - SUBJECT ADDED ENTRY--TOPICAL TERM | |
| Topical term or geographic name entry element | OFFICE BUILDINGS |
| 650 ## - SUBJECT ADDED ENTRY--TOPICAL TERM | |
| Topical term or geographic name entry element | SPACE UTILISATION |
| 690 ## - LOCAL SUBJECT ADDED ENTRY--TOPICAL TERM (OCLC, RLIN) | |
| Topical term or geographic name as entry element | COMMERCIAL PROPERTY-MARKET |
| 700 ## - ADDED ENTRY--PERSONAL NAME | |
| Personal name | Tse, R. |
| 942 ## - ADDED ENTRY ELEMENTS (KOHA) | |
| Suppress in OPAC | 0 |
| Withdrawn status | Lost status | Source of classification or shelving scheme | Damaged status | Not for loan | Home library | Current library | Shelving location | Date acquired | Total Checkouts | Full call number | Barcode | Date last seen | Copy number | Price effective from | Koha item type |
|---|---|---|---|---|---|---|---|---|---|---|---|---|---|---|---|
| Dewey Decimal Classification | London | London | Journal article | 17/05/2004 | ABS67819 | 126213-1001 | 06/08/2019 | 1 | 06/08/2019 | Journal article |